[Event "23. Copenhagen Open  (Politiken Cup)"]
[Site "Copenhagen"]
[Date "2001.07.20"]
[Round "6"]
[White "Hau, Helge"]
[Black "Petersen, Kim Linde"]
[Result "0-1"]
[WhiteElo "1525"]
[BlackElo "1535"]
[PlyCount "118"]
[EventDate "2001.07.16"]
[EventType "swiss"]
[EventRounds "11"]
[EventCountry "DEN"]
[SourceDate "2004.01.01"]

1. f4 e5 2. fxe5 g5 3. e3 Nc6 4. d4 d6 5. Bb5 Nge7 6. Nf3 g4 7. Ng5 dxe5 8. O-O
f5 9. c3 h6 10. e4 f4 11. Nf3 gxf3 12. Qxf3 h5 13. dxe5 Ng6 14. Bxf4 Bc5+ 15.
Be3 Rf8 16. Qg3 Bxe3+ 17. Qxe3 Rxf1+ 18. Kxf1 Qd1+ 19. Qe1 Qxe1+ 20. Kxe1 Ke7
21. Bxc6 bxc6 22. Nd2 Nxe5 23. b3 Bg4 24. h3 Nd3+ 25. Kf1 Rf8+ 26. Kg1 Be2 27.
b4 h4 28. Nb3 c5 29. bxc5 Rf4 30. Nd4 Rxe4 31. Nc6+ Kd7 32. Nxa7 Nxc5 33. Rb1
Ra4 34. Nb5 Bxb5 35. Rxb5 Kc6 36. Rb4 Rxb4 37. cxb4 Nd3 38. a3 Kb5 39. Kf1 Ka4
40. Ke2 Ne5 41. Ke3 Kxa3 42. b5 Kb4 43. Kf4 Ng6+ 44. Kg5 Nf8 45. Kxh4 Kxb5 46.
Kg4 Kc4 47. Kf5 Kd4 48. g4 c5 49. g5 c4 50. g6 Nxg6 51. Kxg6 c3 52. h4 c2 53.
h5 c1=Q 54. h6 Qg1+ 55. Kf7 Qf2+ 56. Kg7 Qg3+ 57. Kf7 Qf4+ 58. Kg7 Qg5+ 59. Kh7
Ke5 0-1

[Event "23. Copenhagen Open  (Politiken Cup)"]
[Site "Copenhagen"]
[Date "2001.07.20"]
[Round "6"]
[White "Henrichsen, Jens"]
[Black "Hesselberg, Leif"]
[Result "1-0"]
[WhiteElo "2069"]
[BlackElo "1800"]
[PlyCount "67"]
[EventDate "2001.07.16"]
[EventType "swiss"]
[EventRounds "11"]
[EventCountry "DEN"]
[SourceDate "2004.01.01"]

1. d4 Nf6 2. c4 e6 3. Nf3 b6 4. g3 Bb7 5. Bg2 Be7 6. O-O O-O 7. Nc3 Ne4 8. Bd2
Bf6 9. Rc1 c5 10. d5 Nxc3 11. Bxc3 exd5 12. cxd5 d6 13. e4 Nd7 14. Re1 Re8 15.
Qc2 b5 16. b3 Bxc3 17. Qxc3 Nb6 18. h4 Qc7 19. h5 h6 20. Nh4 Bc8 21. e5 Bg4 22.
f4 Rad8 23. exd6 Rxe1+ 24. Rxe1 Qxd6 25. Qd3 c4 26. bxc4 bxc4 27. Qd4 Be6 28.
Re5 Qa3 29. dxe6 Rxd4 30. e7 Qxg3 31. e8=Q+ Kh7 32. Re1 Qxh4 33. Be4+ g6 34.
Bxg6+ 1-0

[Event "23. Copenhagen Open  (Politiken Cup)"]
[Site "Copenhagen"]
[Date "2001.07.20"]
[Round "6"]
[White "Hoff, Terje"]
[Black "Christensen, Verner"]
[Result "1/2-1/2"]
[WhiteElo "2038"]
[BlackElo "1797"]
[PlyCount "50"]
[EventDate "2001.07.16"]
[EventType "swiss"]
[EventRounds "11"]
[EventCountry "DEN"]
[SourceDate "2004.01.01"]

1. d4 f5 2. c4 e6 3. Nf3 Nf6 4. Nc3 Be7 5. d5 O-O 6. Nd4 Bc5 7. a3 e5 8. Nf3
Ne4 9. e3 Nxc3 10. bxc3 d6 11. Be2 Nd7 12. a4 a5 13. Nd2 Qg5 14. O-O b6 15. Kh1
Qe7 16. Nb3 Ba6 17. f3 Kh8 18. Bd2 Rae8 19. g4 f4 20. e4 g5 21. Be1 Kg7 22. Kg2
Rh8 23. h4 h6 24. Rh1 Kg6 25. h5+ Kg7 1/2-1/2

[Event "23. Copenhagen Open  (Politiken Cup)"]
[Site "Copenhagen"]
[Date "2001.07.20"]
[Round "6"]
[White "Hvenekilde, Jorgen"]
[Black "Andersen, Rune"]
[Result "1-0"]
[WhiteElo "2267"]
[BlackElo "2064"]
[PlyCount "85"]
[EventDate "2001.07.16"]
[EventType "swiss"]
[EventRounds "11"]
[EventCountry "DEN"]
[SourceDate "2004.01.01"]

1. d4 d5 2. Nf3 Nf6 3. Bf4 c6 4. e3 Bf5 5. Bd3 Bxd3 6. Qxd3 Nbd7 7. Nbd2 e6 8.
h3 Be7 9. O-O O-O 10. c4 Re8 11. a3 Nf8 12. b4 Ng6 13. c5 Nxf4 14. exf4 g6 15.
g3 Nd7 16. Nb3 Bf8 17. a4 Bg7 18. b5 Qc8 19. Rab1 f6 20. Kg2 Re7 21. Rfe1 cxb5
22. axb5 b6 23. Rbc1 bxc5 24. dxc5 Qc7 25. Nfd4 Nf8 26. Nc6 Rd7 27. Nb4 Re8 28.
Na6 Qc8 29. c6 Rd6 30. Nbc5 d4 31. Ne4 Rd5 32. Nb4 Rdd8 33. Qc4 Kh8 34. Qc5 Qc7
35. Na6 Qb6 36. Qxb6 axb6 37. c7 Ra8 38. Nd6 Rec8 39. Rc6 Nd7 40. Nxc8 Rxc8 41.
Rexe6 Bf8 42. Rcd6 Bxd6 43. Rxd6 1-0

[Event "23. Copenhagen Open  (Politiken Cup)"]
[Site "Copenhagen"]
[Date "2001.07.20"]
[Round "6"]
[White "Jensen, Dan Bronnum"]
[Black "Pedersen, Kaj Vinding"]
[Result "0-1"]
[WhiteElo "1324"]
[BlackElo "1549"]
[PlyCount "100"]
[EventDate "2001.07.16"]
[EventType "swiss"]
[EventRounds "11"]
[EventCountry "DEN"]
[SourceDate "2004.01.01"]

1. e4 Nf6 2. Nc3 d5 3. exd5 Nxd5 4. Qf3 Nb4 5. Qe4 e6 6. a3 f5 7. Qe2 Nxc2+ 8.
Kd1 Nxa1 9. Qb5+ c6 10. Qc4 Qb6 11. b4 Qxf2 12. Nh3 Qb6 13. Bb2 Nb3 14. Qxb3 c5
15. Na4 Qc6 16. Nc3 a6 17. b5 Qd6 18. Bc4 Qd4 19. Kc1 Qg4 20. Rg1 Bd6 21. Bxe6
Nd7 22. Bf7+ Kd8 23. Nf2 Qg5 24. g3 Qe7 25. Bc4 Nb6 26. Bd3 Rf8 27. bxa6 Qc7
28. Qd1 bxa6 29. Qh5 g6 30. Qe2 Re8 31. Qf1 c4 32. Bc2 Bb7 33. Ne2 Be5 34. Bxe5
Qxe5 35. Nc3 Rc8 36. Nh3 Rc7 37. Nf4 Kc8 38. Qf2 Qc5 39. Qxc5 Rxc5 40. Nh3 Rce5
41. Rd1 Nd5 42. Na4 Bc6 43. Nb2 c3 44. Nc4 cxd2+ 45. Kb2 Re2 46. Nd6+ Kc7 47.
Nxe8+ Bxe8 48. Rh1 Re1 49. Nf2 Ne3 50. Bb3 Bc6 0-1

[Event "23. Copenhagen Open  (Politiken Cup)"]
[Site "Copenhagen"]
[Date "2001.07.20"]
[Round "6"]
[White "Jorgensen, Michael"]
[Black "Christensen, Christian"]
[Result "0-1"]
[WhiteElo "2290"]
[BlackElo "1972"]
[PlyCount "86"]
[EventDate "2001.07.16"]
[EventType "swiss"]
[EventRounds "11"]
[EventCountry "DEN"]
[SourceDate "2004.01.01"]

1. d4 d6 2. c4 e5 3. Nf3 e4 4. Nfd2 f5 5. Nc3 Nf6 6. e3 c6 7. f3 exf3 8. Nxf3
g6 9. Bd3 Bg7 10. O-O O-O 11. Bd2 Kh8 12. Qc2 Be6 13. Rae1 Na6 14. a3 Nc7 15.
Re2 Rb8 16. b4 b5 17. c5 dxc5 18. bxc5 Ncd5 19. Ne5 Nxc3 20. Bxc3 Bd5 21. Be1
Ne4 22. Nf3 Bf6 23. Qc1 Rb7 24. Qc2 h5 25. Nd2 Re7 26. Nf3 Re6 27. Bd2 Rfe8 28.
Bc1 Kg7 29. Bb2 R8e7 30. Ne5 a5 31. Qd1 Qb8 32. Ree1 Rxe5 33. dxe5 Bxe5 34.
Bxe4 Bxe4 35. Qd6 Qxd6 36. cxd6 Bxb2 37. dxe7 Kf7 38. a4 bxa4 39. Kf2 a3 40.
Ra1 c5 41. g3 c4 42. Rfe1 Kxe7 43. Ke2 Ke6 0-1

[Event "23. Copenhagen Open  (Politiken Cup)"]
[Site "Copenhagen"]
[Date "2001.07.20"]
[Round "6"]
[White "Jorgensen, Mikkel"]
[Black "Edvardsson, Hannu Kalervo"]
[Result "1-0"]
[WhiteElo "1610"]
[BlackElo "1300"]
[PlyCount "45"]
[EventDate "2001.07.16"]
[EventType "swiss"]
[EventRounds "11"]
[EventCountry "DEN"]
[SourceDate "2004.01.01"]

1. d4 d5 2. e4 dxe4 3. Nc3 Nf6 4. f3 exf3 5. Nxf3 Nc6 6. d5 Nb8 7. Bf4 a6 8.
Bc4 b5 9. Bb3 Bb7 10. Ne5 Nbd7 11. Nc6 Bxc6 12. dxc6 Nc5 13. Qxd8+ Rxd8 14. O-O
Nxb3 15. axb3 Rc8 16. Rxa6 e6 17. Rfa1 Bc5+ 18. Kf1 b4 19. Nb5 Bb6 20. Rxb6
cxb6 21. Nd6+ Ke7 22. Ra7+ Kd8 23. Nxc8 1-0

[Event "23. Copenhagen Open  (Politiken Cup)"]
[Site "Copenhagen"]
[Date "2001.07.20"]
[Round "6"]
[White "Jorgensen, Orla Eilegaard"]
[Black "Lie, Terje"]
[Result "1-0"]
[WhiteElo "1403"]
[BlackElo "1100"]
[PlyCount "77"]
[EventDate "2001.07.16"]
[EventType "swiss"]
[EventRounds "11"]
[EventCountry "DEN"]
[SourceDate "2004.01.01"]

1. Nf3 Nf6 2. g3 d5 3. c4 e6 4. d4 c5 5. cxd5 exd5 6. Bg2 Be7 7. O-O O-O 8. Nc3
Nc6 9. Bg5 Be6 10. Re1 Qb6 11. Bxf6 Bxf6 12. Na4 Qd8 13. Nxc5 Bc8 14. e3 b6 15.
Na4 Bb7 16. Nc3 Ne7 17. Nd2 a6 18. Qb3 b5 19. a4 Qd7 20. axb5 a5 21. Na4 Qd6
22. Nc5 Qb6 23. Nd7 Qd6 24. Nxf8 Kxf8 25. Qd3 g6 26. e4 Bg7 27. exd5 Bxd5 28.
Bxd5 Qxd5 29. Qe4 Qd8 30. Nb3 Nf5 31. Nxa5 Bxd4 32. Nc6 Bxf2+ 33. Kxf2 Qb6+ 34.
Kf3 Re8 35. Qxe8+ Kg7 36. Qe5+ f6 37. Qf4 Qxb5 38. Ra7+ Kf8 39. Qb4+ 1-0

[Event "23. Copenhagen Open  (Politiken Cup)"]
[Site "Copenhagen"]
[Date "2001.07.20"]
[Round "6"]
[White "Kongsted, Halfdan Christian"]
[Black "van Dijk, Thomas"]
[Result "1-0"]
[WhiteElo "2232"]
[BlackElo "1999"]
[PlyCount "57"]
[EventDate "2001.07.16"]
[EventType "swiss"]
[EventRounds "11"]
[EventCountry "DEN"]
[SourceDate "2004.01.01"]

1. e4 d5 2. exd5 Qxd5 3. Nc3 Qa5 4. d4 Nf6 5. Bc4 Bf5 6. Nge2 e6 7. Bd2 c6 8.
Ng3 Bg6 9. h4 h6 10. Nd5 Qd8 11. Nf4 Bh7 12. Qe2 Bd6 13. O-O-O Qe7 14. Ngh5
Bxf4 15. Bxf4 Nxh5 16. Qxh5 Nd7 17. Bd3 Bxd3 18. Rxd3 Qb4 19. Rhd1 Qb5 20. Qg4
Ke7 21. Rb3 Qa6 22. Qg3 g6 23. Bd6+ Kf6 24. h5 g5 25. Be5+ Nxe5 26. Qxe5+ Ke7
27. Qc7+ Kf6 28. Rxb7 Rhf8 29. Qe5# 1-0

[Event "23. Copenhagen Open  (Politiken Cup)"]
[Site "Copenhagen"]
[Date "2001.07.20"]
[Round "6"]
[White "Kristensen, Jonas Rune"]
[Black "Lardot, Derik"]
[Result "0-1"]
[WhiteElo "1755"]
[BlackElo "2023"]
[PlyCount "96"]
[EventDate "2001.07.16"]
[EventType "swiss"]
[EventRounds "11"]
[EventCountry "DEN"]
[SourceDate "2004.01.01"]

1. d4 d6 2. Nf3 Bg4 3. Bf4 Bxf3 4. gxf3 g6 5. c3 Nd7 6. d5 e5 7. dxe6 fxe6 8.
e4 e5 9. Be3 Bh6 10. Qd2 Qh4 11. Kd1 Bxe3 12. fxe3 Ngf6 13. Na3 a6 14. Kc2 O-O
15. Bc4+ Kg7 16. Raf1 Rad8 17. Kb1 Nb6 18. Bb3 d5 19. exd5 Nbxd5 20. Qe2 Nb6
21. f4 exf4 22. Rxf4 Qh5 23. Qg2 Nbd5 24. Bxd5 Qxd5 25. e4 Qd3+ 26. Qc2 Qxc2+
27. Kxc2 g5 28. Rf2 Nxe4 29. Re2 Rf2 30. Rhe1 Rd2+ 31. Rxd2 Nxd2 32. Re7+ Kg6
33. Rxc7 Rxh2 34. Kd3 g4 35. Rxb7 g3 36. Rb8 Kf5 37. Nc2 h5 38. Ne3+ Ke6 39.
Rb6+ Kf7 40. Rxa6 Nf3 41. b4 h4 42. b5 h3 43. Ra7+ Kg6 44. b6 Rd2+ 45. Kc4 g2
46. Nxg2 hxg2 47. Ra8 Ne5+ 48. Kb3 Rd7 0-1

[Event "23. Copenhagen Open  (Politiken Cup)"]
[Site "Copenhagen"]
[Date "2001.07.20"]
[Round "6"]
[White "Laursen, Niels Norskov"]
[Black "Larsen, Karsten"]
[Result "1/2-1/2"]
[WhiteElo "2107"]
[BlackElo "2300"]
[PlyCount "92"]
[EventDate "2001.07.16"]
[EventType "swiss"]
[EventRounds "11"]
[EventCountry "DEN"]
[SourceDate "2004.01.01"]

1. e4 e5 2. Nf3 Nc6 3. Bb5 a6 4. Ba4 Nf6 5. O-O b5 6. Bb3 Bc5 7. Nxe5 Nxe5 8.
d4 Bxd4 9. Qxd4 d6 10. c3 c5 11. Qd1 c4 12. Bc2 Bb7 13. f3 O-O 14. Bg5 d5 15.
f4 Nd3 16. Bxd3 cxd3 17. Bxf6 Qxf6 18. e5 Qb6+ 19. Kh1 d4 20. Qxd3 Rfd8 21. Qe2
Rac8 22. a3 a5 23. cxd4 Rxd4 24. Nc3 b4 25. axb4 axb4 26. Nb5 Re4 27. Qd3 Re3
28. Qd2 Rd8 29. Nd6 f6 30. Qc2 Bd5 31. Rad1 Bb3 32. Qf5 Re2 33. Qg4 Rf2 34.
Rfe1 h5 35. Qf5 Bxd1 36. Rxd1 Rxd6 37. exd6 Qd4 38. Rg1 Qxd6 39. Qxh5 Rxf4 40.
Qe8+ Kh7 41. Qh5+ Kg8 42. Qe8+ Qf8 43. Qe6+ Qf7 44. Qc8+ Kh7 45. Qh3+ Kg8 46.
Qc8+ Kh7 1/2-1/2

[Event "23. Copenhagen Open  (Politiken Cup)"]
[Site "Copenhagen"]
[Date "2001.07.20"]
[Round "6"]
[White "Li, Mike"]
[Black "Schonberg, Niels Peder"]
[Result "1-0"]
[WhiteElo "1056"]
[BlackElo "1214"]
[PlyCount "43"]
[EventDate "2001.07.16"]
[EventType "swiss"]
[EventRounds "11"]
[EventCountry "DEN"]
[SourceDate "2004.01.01"]

1. d4 d5 2. c4 c6 3. Nc3 e6 4. Nf3 h6 5. e4 dxe4 6. Nxe4 Nf6 7. Ng3 Bd6 8. Bd3
Nbd7 9. O-O c5 10. Bb1 b6 11. Re1 O-O 12. Ne5 Bxe5 13. dxe5 Ne8 14. Qd3 f5 15.
exf6 Nexf6 {#} 16. Bxh6 gxh6 17. Qg6+ Kh8 18. Nh5 Qe7 19. Qxh6+ Kg8 20. Rxe6
Qf7 21. Rxf6 Nxf6 22. Nxf6+ 1-0

[Event "23. Copenhagen Open  (Politiken Cup)"]
[Site "Copenhagen"]
[Date "2001.07.20"]
[Round "6"]
[White "Lilja, Richard"]
[Black "Bekker Jensen, Simon"]
[Result "1/2-1/2"]
[WhiteElo "2112"]
[BlackElo "2356"]
[PlyCount "52"]
[EventDate "2001.07.16"]
[EventType "swiss"]
[EventRounds "11"]
[EventCountry "DEN"]
[SourceDate "2004.01.01"]

1. e4 c5 2. Nf3 d6 3. d4 cxd4 4. Nxd4 Nf6 5. Nc3 a6 6. f4 g6 7. Nf3 Bg7 8. Bd3
O-O 9. O-O Nbd7 10. Qe1 Nc5 11. a4 b6 12. Qh4 d5 13. e5 Nfe4 14. Be3 f5 15.
exf6 exf6 16. Bxc5 Nxc5 17. f5 Nxd3 18. fxg6 hxg6 19. cxd3 Qd6 20. Rae1 Be6 21.
Re2 Bf5 22. Qd4 Qc5 23. Rd1 Rad8 24. h3 g5 25. a5 Bc8 26. axb6 Qd6 1/2-1/2

[Event "23. Copenhagen Open  (Politiken Cup)"]
[Site "Copenhagen"]
[Date "2001.07.20"]
[Round "6"]
[White "Manley, Christian"]
[Black "Kjar, Peter Sigsgaard"]
[Result "1-0"]
[WhiteElo "1360"]
[BlackElo "1573"]
[PlyCount "89"]
[EventDate "2001.07.16"]
[EventType "swiss"]
[EventRounds "11"]
[EventCountry "DEN"]
[SourceDate "2004.01.01"]

1. d4 Nf6 2. Bf4 d5 3. c4 e6 4. e3 Bd6 5. Bxd6 Qxd6 6. cxd5 Qb4+ 7. Qd2 Qxd2+
8. Nxd2 exd5 9. Rc1 c6 10. g3 Bf5 11. Bg2 O-O 12. Ne2 Bd3 13. Rc3 Ba6 14. Bf3
Nbd7 15. Nc1 Rae8 16. Be2 Bxe2 17. Nxe2 Ne4 18. Nxe4 Rxe4 19. O-O f5 20. Ra3 a6
21. Rb3 Rb8 22. Rc1 Re6 23. Nf4 Re7 24. Nd3 Kf7 25. Ne5+ Nxe5 26. dxe5 Rxe5 27.
Rxc6 Re6 28. Rc7+ Re7 29. Rbc3 Rbe8 30. Rxe7+ Rxe7 31. Kg2 Ke6 32. Kf3 g5 33.
Rc8 Ke5 34. h3 h6 35. g4 fxg4+ 36. hxg4 Re6 37. Rc7 b5 38. Rc3 d4 39. Rc5+ Kd6
40. exd4 Rf6+ 41. Rf5 Re6 42. d5 Rg6 43. Ke4 Kc5 44. Ke5 Rd6 45. b4+ 1-0

[Event "23. Copenhagen Open  (Politiken Cup)"]
[Site "Copenhagen"]
[Date "2001.07.20"]
[Round "6"]
[White "Moller, Arne"]
[Black "Robertsen, Thomas"]
[Result "1-0"]
[WhiteElo "1712"]
[BlackElo "2034"]
[PlyCount "75"]
[EventDate "2001.07.16"]
[EventType "swiss"]
[EventRounds "11"]
[EventCountry "DEN"]
[SourceDate "2004.01.01"]

1. e4 e5 2. Nf3 Nc6 3. Bb5 f5 4. Bxc6 dxc6 5. Nxe5 Qd4 6. Nf3 Qxe4+ 7. Qe2 Bd6
8. d3 Qxe2+ 9. Kxe2 Bd7 10. b3 Ne7 11. Bb2 Rg8 12. Nbd2 O-O-O 13. Nc4 Bf4 14.
Rae1 Nd5 15. Kd1 c5 16. g3 Bh6 17. Re5 Bc6 18. Ncd2 g6 19. Re6 Nb4 20. Rhe1
Nxa2 21. Ne5 Bd5 22. Re7 Bg7 23. c3 a5 24. Kc2 a4 25. bxa4 Bxe5 26. R1xe5 Bc6
27. Rxc5 Bxa4+ 28. Kb1 Bc6 29. Kxa2 Rxd3 30. Nb3 Rd6 31. Nd4 Bd7 32. Ra5 Ra6
33. Rxa6 bxa6 34. Rxh7 c5 35. Nb3 Be6 36. Ka3 Bxb3 37. Kxb3 Re8 38. Ba3 1-0

[Event "23. Copenhagen Open  (Politiken Cup)"]
[Site "Copenhagen"]
[Date "2001.07.20"]
[Round "6"]
[White "Nicolaisen, Jeppe"]
[Black "Hoeg, Claus"]
[Result "1/2-1/2"]
[WhiteElo "2047"]
[BlackElo "1785"]
[PlyCount "81"]
[EventDate "2001.07.16"]
[EventType "swiss"]
[EventRounds "11"]
[EventCountry "DEN"]
[SourceDate "2004.01.01"]

1. e4 c5 2. Nc3 Nc6 3. f4 g6 4. Nf3 Bg7 5. Bb5 Nd4 6. Bd3 d6 7. Nxd4 cxd4 8.
Ne2 e6 9. O-O Ne7 10. Qe1 O-O 11. Qf2 Qb6 12. Ng3 f5 13. exf5 exf5 14. Re1 Nc6
15. Bc4+ Kh8 16. d3 Qc5 17. a3 d5 18. b4 Qd6 19. Bb5 Ne7 20. Bb2 a6 21. Ba4 b5
22. Bb3 Nc6 23. Ne2 Bb7 24. Rab1 Rae8 25. Bxd4 Nxd4 26. Nxd4 h6 27. g3 Qf6 28.
Nf3 d4 29. Rxe8 Rxe8 30. Re1 Rxe1+ 31. Nxe1 Qc6 32. Ng2 Qc3 33. Qe1 Qc6 34. Qe2
Kh7 35. h3 Bf6 36. Qf1 Ba8 37. Kh2 Bb7 38. Ne1 Bg7 39. Qg1 Bf6 40. Qf1 Kg7 41.
Qg2 1/2-1/2

[Event "23. Copenhagen Open  (Politiken Cup)"]
[Site "Copenhagen"]
[Date "2001.07.20"]
[Round "6"]
[White "Nielsen, Borge Hjerrild"]
[Black "Rasmussen, Henning"]
[Result "1-0"]
[WhiteElo "2122"]
[BlackElo "1925"]
[PlyCount "79"]
[EventDate "2001.07.16"]
[EventType "swiss"]
[EventRounds "11"]
[EventCountry "DEN"]
[SourceDate "2004.01.01"]

1. d4 d5 2. c4 dxc4 3. Nf3 c5 4. e3 cxd4 5. Qxd4 Qxd4 6. Nxd4 a6 7. Bxc4 Nf6 8.
O-O e6 9. Nd2 b5 10. Be2 Bb7 11. Bf3 Bxf3 12. N2xf3 Be7 13. Bd2 O-O 14. Rfc1
Nbd7 15. Nc6 Bd6 16. Rc2 h6 17. Ba5 Rfc8 18. Rac1 Kf8 19. Kf1 Ke8 20. Ke2 Ne4
21. h3 Nb8 22. Nfd4 Nxc6 23. Nxc6 Kd7 24. f3 Nc5 25. Nd4 Nb7 26. Bc3 b4 27. Bd2
Rxc2 28. Rxc2 Rc8 29. Rxc8 Kxc8 30. Kd3 Kc7 31. Kc4 Be7 32. Bxb4 Bxb4 33. Kxb4
Kd6 34. Kc4 g6 35. b4 e5 36. Nb3 Kc6 37. a4 Nd6+ 38. Kd3 f6 39. Na5+ Kd5 40.
e4+ 1-0

[Event "23. Copenhagen Open  (Politiken Cup)"]
[Site "Copenhagen"]
[Date "2001.07.20"]
[Round "6"]
[White "Nielsen, Dagh"]
[Black "Preuss, Flemming"]
[Result "0-1"]
[WhiteElo "1982"]
[BlackElo "2062"]
[PlyCount "100"]
[EventDate "2001.07.16"]
[EventType "swiss"]
[EventRounds "11"]
[EventCountry "DEN"]
[SourceDate "2004.01.01"]

1. e4 e5 2. Nf3 d6 3. Bc4 Be7 4. d4 exd4 5. Nxd4 Nf6 6. Nc3 O-O 7. O-O Nc6 8.
Nxc6 bxc6 9. b3 Be6 10. Bxe6 fxe6 11. Qe2 Qd7 12. Bg5 Rf7 13. Rad1 d5 14. e5
Ne8 15. Bxe7 Qxe7 16. Qa6 Qc5 17. Qd3 g6 18. Ne2 Ng7 19. Nd4 Qb6 20. h4 c5 21.
Nf3 Raf8 22. Rde1 Qb4 23. Qd2 a5 24. a4 Qb6 25. Nh2 Rf4 26. g3 Rd4 27. Qc3 c4
28. Nf3 Rg4 29. Nh2 Qd4 30. Re3 c5 31. Nxg4 Qxg4 32. Ree1 Nf5 33. Kh2 Nxh4 34.
gxh4 Rf3 35. Qxf3 Qxf3 36. Re3 Qf4+ 37. Kh3 d4 38. Rg3 Qf5+ 39. Kh2 Qxc2 40.
bxc4 Qxc4 41. Rfg1 Qc2 42. h5 Kg7 43. hxg6 hxg6 44. R1g2 Qf5 45. Rg5 Qe4 46. f3
Qd3 47. f4 Qe4 48. Kg1 Kf7 49. f5 Qe1+ 50. Kh2 Qxe5+ 0-1

[Event "23. Copenhagen Open  (Politiken Cup)"]
[Site "Copenhagen"]
[Date "2001.07.20"]
[Round "6"]
[White "Nielsen, Henrik Lindholt"]
[Black "Akesson, Joel"]
[Result "1/2-1/2"]
[WhiteElo "2005"]
[BlackElo "2203"]
[PlyCount "40"]
[EventDate "2001.07.16"]
[EventType "swiss"]
[EventRounds "11"]
[EventCountry "DEN"]
[SourceDate "2004.01.01"]

1. d4 d5 2. Nf3 Nf6 3. Bf4 c5 4. e3 Nc6 5. c3 Qb6 6. Na3 a6 7. Qb3 Qa7 8. dxc5
e6 9. Bd6 Bxd6 10. cxd6 O-O 11. Be2 Rd8 12. O-O Rxd6 13. c4 Na5 14. Qb4 Qb6 15.
Qxb6 Rxb6 16. b3 dxc4 17. Nxc4 Nxc4 18. Bxc4 Bd7 19. Rfd1 Bb5 20. Rac1 g6
1/2-1/2

[Event "23. Copenhagen Open  (Politiken Cup)"]
[Site "Copenhagen"]
[Date "2001.07.20"]
[Round "6"]
[White "Nielsen, Jens Holm"]
[Black "Molvig, Henrik"]
[Result "0-1"]
[WhiteElo "2055"]
[BlackElo "2213"]
[PlyCount "70"]
[EventDate "2001.07.16"]
[EventType "swiss"]
[EventRounds "11"]
[EventCountry "DEN"]
[SourceDate "2004.01.01"]

1. Nc3 c5 2. Nf3 Nf6 3. d4 cxd4 4. Nxd4 d6 5. g3 g6 6. Bg2 Bg7 7. O-O O-O 8. a4
a6 9. a5 Nbd7 10. Nb3 Ne5 11. h3 Nc6 12. Be3 Be6 13. Na4 Nd7 14. Nd4 Nxa5 15.
Nxe6 fxe6 16. Bd4 Nc6 17. Bxg7 Kxg7 18. Nc3 Nf6 19. g4 Qb6 20. Na4 Qc7 21. e3
Kh8 22. g5 Nh5 23. c4 Rad8 24. Qg4 Ng7 25. Rac1 Qa5 26. b3 Qf5 27. c5 d5 28. f4
Qxg4 29. hxg4 e5 30. Rf2 Nb4 31. Rd1 Ne6 32. fxe5 Rxf2 33. Kxf2 Nxg5 34. Rd4 a5
35. Bxd5 Rxd5 0-1

[Event "23. Copenhagen Open  (Politiken Cup)"]
[Site "Copenhagen"]
[Date "2001.07.20"]
[Round "6"]
[White "Nielsen, Michael"]
[Black "Tolstrup, Thomas"]
[Result "1-0"]
[WhiteElo "1789"]
[BlackElo "2108"]
[PlyCount "87"]
[EventDate "2001.07.16"]
[EventType "swiss"]
[EventRounds "11"]
[EventCountry "DEN"]
[SourceDate "2004.01.01"]

1. e4 e6 2. d4 d5 3. Nc3 Nf6 4. Bg5 Bb4 5. e5 h6 6. Bd2 Bxc3 7. bxc3 Ne4 8. Qg4
g6 9. Bd3 Nxd2 10. Kxd2 c5 11. h4 Bd7 12. Rh3 Qe7 13. Rf3 c4 14. Bf1 Bc6 15. h5
g5 16. Rg3 Nd7 17. Re3 O-O-O 18. f4 gxf4 19. Qxf4 Rdf8 20. Be2 f5 21. Nh3 Rfg8
22. Rg3 Qh7 23. Rxg8+ Rxg8 24. Rg1 Ba4 25. Bd1 Rg4 26. Qf2 Rg8 27. Nf4 Nf8 28.
Qh4 Qg7 29. Nh3 Nh7 30. g4 Ng5 31. gxf5 Ne4+ 32. Ke3 Qxg1+ 33. Nxg1 Rxg1 34. f6
Be8 35. Bf3 Rg3 36. Kf4 Rg5 37. Bxe4 dxe4 38. Kxe4 Bxh5 39. Qh3 Kd7 40. d5 Bf7
41. dxe6+ Bxe6 42. Qxh6 Rg4+ 43. Kf3 Rg8 44. Qh7+ 1-0

[Event "23. Copenhagen Open  (Politiken Cup)"]
[Site "Copenhagen"]
[Date "2001.07.20"]
[Round "6"]
[White "Nielsen, Morten"]
[Black "Nielsen, Frode Benedikt"]
[Result "1/2-1/2"]
[WhiteElo "2085"]
[BlackElo "1834"]
[PlyCount "55"]
[EventDate "2001.07.16"]
[EventType "swiss"]
[EventRounds "11"]
[EventCountry "DEN"]
[SourceDate "2004.01.01"]

1. e4 Nc6 2. Nc3 e5 3. Bc4 Nf6 4. d3 Bb4 5. Nge2 d5 6. exd5 Nxd5 7. Bxd5 Qxd5
8. O-O Qd8 9. f4 O-O 10. fxe5 Nxe5 11. d4 Ng6 12. Qd3 c6 13. Ne4 Be7 14. Be3
Be6 15. a4 f5 16. N4g3 Bg5 17. Nf4 Nxf4 18. Bxf4 Bxf4 19. Rxf4 Qd7 20. Nf1 Rac8
21. c4 g5 22. Rf2 Qf7 23. b3 Rcd8 24. Rd1 f4 25. Nd2 Qg7 26. Nf3 Bf5 27. Qd2
Rfe8 28. Re1 1/2-1/2

[Event "23. Copenhagen Open  (Politiken Cup)"]
[Site "Copenhagen"]
[Date "2001.07.20"]
[Round "6"]
[White "Nilsson, Nils Specht"]
[Black "Jensen, Henrik Sandberg"]
[Result "1-0"]
[WhiteElo "2218"]
[BlackElo "1706"]
[PlyCount "93"]
[EventDate "2001.07.16"]
[EventType "swiss"]
[EventRounds "11"]
[EventCountry "DEN"]
[SourceDate "2004.01.01"]

1. e4 d6 2. d4 g6 3. Be3 Bg7 4. Nc3 Nc6 5. Qd2 e5 6. Bb5 Bd7 7. Bxc6 bxc6 8.
Nge2 exd4 9. Nxd4 Ne7 10. O-O Rb8 11. b3 c5 12. Nde2 O-O 13. Rad1 Bb5 14. Nxb5
Rxb5 15. c4 Rb8 16. Nf4 Qc8 17. Nd5 Nxd5 18. exd5 Rb4 19. Bh6 a5 20. Bxg7 Kxg7
21. Qc3+ Kg8 22. a3 Rb6 23. Rd3 Rb8 24. Rh3 Re8 25. Qxa5 Re2 26. Qc3 Qf5 27.
Re3 Qc2 28. Qf6 Rxb3 29. Rxb3 Qxb3 30. Qd8+ Kg7 31. Qxc7 Qxc4 32. Qxd6 Qd4 33.
h4 c4 34. h5 gxh5 35. Qg3+ Kh6 36. Qf3 Rd2 37. Qxf7 c3 38. Kh2 c2 39. Re1 Rxf2
40. Re6+ Kg5 41. Qe7+ Kf5 42. Qxh7+ Kg5 43. Qe7+ Kf5 44. Qf7+ Kg5 45. Rg6+ Kh4
46. Qe7+ Rf6 47. g3# 1-0

[Event "23. Copenhagen Open  (Politiken Cup)"]
[Site "Copenhagen"]
[Date "2001.07.20"]
[Round "6"]
[White "Olesen, Michael Bonding"]
[Black "Lynge, Torben"]
[Result "1/2-1/2"]
[WhiteElo "1891"]
[BlackElo "1701"]
[PlyCount "86"]
[EventDate "2001.07.16"]
[EventType "swiss"]
[EventRounds "11"]
[EventCountry "DEN"]
[SourceDate "2004.01.01"]

1. c4 e6 2. e4 c6 3. Nf3 d5 4. e5 Nd7 5. cxd5 cxd5 6. d4 Bb4+ 7. Bd2 Qb6 8. Bd3
Ne7 9. O-O Nc6 10. Bc3 Nf8 11. Na3 Ng6 12. g3 a6 13. Nc2 Bxc3 14. bxc3 Qc7 15.
Ne3 Na5 16. Rc1 b5 17. h4 Bb7 18. Nd2 Qc6 19. Nb3 Nc4 20. Qe2 a5 21. f4 a4 22.
Nc5 Ne7 23. Nxb7 Qxb7 24. f5 Nxe3 25. Qxe3 exf5 26. Bxf5 Nxf5 27. Rxf5 O-O 28.
e6 Rae8 29. exf7+ Qxf7 30. Rxf7 Rxe3 31. Rxf8+ Kxf8 32. Kf2 Rd3 33. Rb1 Rxc3
34. Rxb5 Rc2+ 35. Kf3 Rxa2 36. Rxd5 a3 37. Ra5 Ra1 38. Ra7 a2 39. Kg2 Ke8 40.
d5 h5 41. d6 g6 42. Kh2 Kd8 43. Kg2 Ke8 1/2-1/2